Kirby - Personnages - Statistiques

Statistiques générales
  • Ce quiz a été pris 41 fois
    14 depuis la dernière actualisation
  • Le résultat moyen est 20 sur 84
Statistiques - réponses
Par images Réponse % Correct
Kirby
100%
Meta Knight
100%
Zéro
100%
Roi Dadidou
91%
Waddle Dee
91%
Waddle Dee Matelot
91%
Rick
64%
Bandana Waddle Dee
55%
Chef Kawasaki
55%
Dark Matter
55%
Dark Meta Knight
55%
Galacta Knight
55%
Gooey
55%
Max
55%
Waddle Doo
55%
Cauchemar
45%
Elfilin
45%
Magolor
45%
Morpho Knight
45%
Reine Sectonia
45%
Comète Nova
36%
Coo
36%
Knuckle Joe
36%
Léogar
36%
Susie
36%
Taranza
36%
Ultimo Elfilis
36%
Choiroc
27%
Chuchu
27%
Ken
27%
Kirby Ombre
27%
Landia
27%
Scarfy
27%
18%
Cappenois
18%
Desroches
18%
Dyna Blade
18%
Flamberge
18%
Lololo & Lalala
18%
Prince PonPon
18%
Ribbon
18%
Void Termina
18%
Zan Pertuisane
18%
Dark Crafter
9%
Dark Nebula
9%
Keeby
9%
Mistigrif
9%
Pitch
9%
Pitch Mama
9%
Président Haltmann
9%
Robo Dadidou
9%
Sieur Trident
9%
Starman
9%
Ultimo Oublio
9%
Adeleine
0%
Ado
0%
Astralée
0%
Astro
0%
Capitaine Condor
0%
Crayona
0%
DaDiDou Noir
0%
Doc
0%
Éline
0%
Forto
0%
Francisca
0%
Généphir Météonelfilis
0%
Glaizia
0%
Grill
0%
Hyness
0%
Maillalenvers
0%
Mine
0%
Nago
0%
Nécrodéus
0%
Nyupun
0%
Pick
0%
Pil'Poil Jr.
0%
Psychédiablik
0%
Shiro
0%
Sieur Lahache
0%
Sieur Lalance
0%
Sieur Lamasse
0%
Souriris
0%
Spinni
0%
Waddle Dee astronome
0%
Aucun quiz correspondant
Distribution des résultats
% des personnes avec chaque résultat
Percentile par nombre de réponses
Votre historique - résultats
Vous n’avez pas pris ce quiz depuis la dernière actualisation